000 00460nam a2200169 4500
001 118558
003 ES-MaACL
005 20231226204637.0
007 t|
008 070214s1962 sp r ||||1| spa d
100 1 _aPérez de Ayala, Ramón,
_d1880-1962
_990763
245 1 3 _aEl raposín /
_cRamón Pérez de Ayala.
260 _aMadrid :
_bTaurus,
_c1962.
300 _a246 p. ;
_c19 cm.
852 _aES-MaACL
_jE-5955
_bR.90687
999 _c118558
_d118558